1017 1046 1411 1851 1036 1560 1919 1303 1641 1429 1789 1407 1535 1772 1385 1684 1081 1349 1000 1303 1587 1006 1403 1023 1044 1274 1732 1436 1705 1512 1764 1492 1926 1338 1042 1964 1504 1135 1280 1952 1611 1157 1907 1609 1801 1701 1317 1410 1034 1168 1389 1706 1102 1800 2000 1707 1977 1952 1458 1494 1682 1824 1388 1241 1982 1500 1542 1263 1047 1026 1815 1656 1598 1674 1167 1314 1364 1848 1371 1176 1498 1722 1883 1684 1047 1977 1444 1653 1240 1097 1495 1257 1549 1612 1192 1271 1464 1730 1978 BCNSPRNW ULIB Ver.6.0+V

เปลี่ยนเป็นภาษาไทย

Change to English
 แสดงรายละเอียดบรรณานุกรม
  กลับหน้าหลัก

Brief Record : Get Marc (ISO 2709) : E-mail record : QR code < ปิดหน้าต่าง
LEADER : 00000nam 2200000uu 4500
001    13399113449
003     ULIB
008    111117s2553||||th 000 0 tha d
020    ^a9789746452797(ล.3)
060  4 ^aWY150^bส627ก ล3
110 1  ^aมหาวิทยาลัยสุโขทัยธรรมาธิราช^bสาขาวิชาพยาบาลศาสตร์
245 00 ^aเอกสารการสอนชุดวิชา การพยาบาลผู้ใหญ่และผู้สูงอายุ หน่วยที่11-15=^bAdult and elderly nursing /^cบรรณาธิการ ศรีนวล สถิตวิทยานันท์
246 31 ^a Adult and elderly nursing
250    ^aพิมพ์ครั้งที่ 11
260    ^aนนทบุรี:^bศูนย์หนังสือมหาวิทยาลัยสุโขทัยธรรมาธิราช,^c2553
300    ^a582 หน้า
650  7 ^aการพยาบาลผู้สูงอายุ
650  7 ^aการพยาบาลผู้ใหญ่
700 0  ^aศรีนวล สถิตวิทยานันท์,^eบรรณาธิการ
710 2  ^aมหาวิทยาลัยสุโขทัยธรรมาธิราช^bสาขาวิชาพยาบาลศาสตร์
945    ^p245^l0^i030723
945    ^p245^l0^i030724
945    ^p245^l0^i030725
945    ^p245^l0^i030726
945    ^p245^l0^i030728
995    ^a เกษร
999    ^aใช้งานได้ทุกระบบ
รายการนี้ยังไม่มีแท็ก
คุณยังไม่ได้ล็อกอิน คุณสามารถมีกิจกรรมร่วมกับเว็บไซต์ได้ แต่ต้องล็อกอินก่อน ::
  ล็อกอิน

รายการสื่อสารสนเทศ

ลำดับที่ ประเภท เลขเรียก/บาร์โค้ด สถานที่ สถานะ
1. วิทยาศาสตร์การแพทย์ และสุขภาพ
หนังสือสำรอง
สถานะ=หนังสือสำรอง
WY150 ส627ก ล3 ฉ.1 
  Barcode: 030723
ห้องสมุดวิทยาเขตสวรรค์ประชารักษ์
►ส่วนจัดเก็บหนังสือเก่า สปร
บนชั้น
  ขอยืม
2. วิทยาศาสตร์การแพทย์ และสุขภาพ
วิทยาศาสตร์การแพทย์ และสุขภาพ
WY150 ส627ก ล3 ฉ.2 
  Barcode: 030724
ห้องสมุดวิทยาเขตสวรรค์ประชารักษ์
►ส่วนจัดเก็บหนังสือเก่า สปร
บนชั้น
  ขอยืม
3. วิทยาศาสตร์การแพทย์ และสุขภาพ
วิทยาศาสตร์การแพทย์ และสุขภาพ
WY150 ส627ก ล3 ฉ.5 
  Barcode: 030728
ห้องสมุดวิทยาเขตสวรรค์ประชารักษ์
►ส่วนจัดเก็บหนังสือเก่า สปร
บนชั้น
  ขอยืม

รายการใกล้เคียง
    หัวเรื่อง [การพยาบาลผู้สูงอายุ]
    หัวเรื่อง [การพยาบาลผู้ใหญ่]

BibComment


ยังไม่เคยถูกคอมเมนท์

คอมเมนท์ทรัพยากรรายการนี้
  คอมเมนท์: เอกสารการสอนชุดว..


 Copyright 2026. Bcnsprnw @Library